000 00700 a2200181 4500
020 _a0387952136
040 _aLibrary of Congress
_bEnglish
082 0 0 _a005.8
100 1 _aGhosh, Sumit,
245 1 0 _aPrinciples of secure network systems design
_cSumit Ghosh ; with a foreword by Harold Lawson.
260 _aNew York :
_bSpringer,
_cc2002.
300 _axxvi, 209 p. :
_bill., maps ;
_c24 cm.
650 0 _aComputer networks
_xSecurity measures.
650 0 _aComputer security.
856 4 1 _3Table of contents
_uhttp://www.loc.gov/catdir/toc/fy022/2001053057.html
856 4 1 _3Publisher description
_uhttp://www.loc.gov/catdir/enhancements/fy0816/2001053057-d.html
942 _cBK
_k005.8 GHO
_2ddc
999 _c6648
_d6648